000
00276nam a2200109Ia 4500
008
190911s9999||||xx |||||||||||||| ||und||
100
_a
Nilson ,Carolyn
245
0
_a
Training and Development Yearbook 1999
260
_a
America
_b
Mc Graw Hill
_c
1999
300
_a
250
942
_c
BK
999
_c
7029
_d
7029